Roy D. Chapin (Record no. 40872)
[ view plain ]
| 000 -LEADER | |
|---|---|
| fixed length control field | 01631nam a2200397Ia 4500 |
| 082 04 - DEWEY DECIMAL CLASSIFICATION NUMBER | |
| Classification number | 338.7/6292/092 |
| -- | B |
| 100 1# - MAIN ENTRY--AUTHOR NAME | |
| Personal name | Long, J. C. |
| 245 10 - TITLE STATEMENT | |
| Title | Roy D. Chapin |
| 260 ## - PUBLICATION, DISTRIBUTION, ETC. (IMPRINT) | |
| Place of publication | Detroit : |
| Name of publisher | Wayne State University Press, |
| Year of publication | c2004. |
| 300 ## - PHYSICAL DESCRIPTION | |
| Number of Pages | xix, 269 p., [72] p. : |
| Other physical details | ill., ports. |
| 490 1# - SERIES STATEMENT | |
| Series statement | Great Lakes books |
| 500 ## - GENERAL NOTE | |
| General note | Includes index. |
| 650 #0 - SUBJECT ADDED ENTRY--TOPICAL TERM | |
| Topical Term | Automobile engineers |
| Topical Term | Industrialists |
| 700 1# - ADDED ENTRY--PERSONAL NAME | |
| Personal name | Hyde, Charles K., |
| 856 40 - ELECTRONIC LOCATION AND ACCESS | |
| Uniform Resource Identifier | http://site.ebrary.com/lib/rucke/Doc?id=10715407 |
No items available.
